| 000 | 00655nam a2200277Ia 4500 | ||
|---|---|---|---|
| 005 | 20251020182455.0 | ||
| 008 | 200515s9999 xx 000 0 und d | ||
| 082 | _a624.014.2/O73 | ||
| 100 | _aOrtega García, Juan | ||
| 245 | 0 | _aDiseño de estructuras de acero y madera | |
| 260 | _aLima | ||
| 260 | _bs.n. | ||
| 260 | _cs. a. | ||
| 300 | _ap. irregular | ||
| 300 | _btbl., graf. | ||
| 500 | _a2 ejemplares | ||
| 650 | _aACERO ESTRUCTURAL | ||
| 650 | _aESTRUCTURAS | ||
| 650 | _aESTRUCTURAS DE ACERO | ||
| 650 | _aESTRUCTURAS DE MADERA | ||
| 650 | _aSOLDADURA | ||
| 650 | _aVIGAS | ||
| 942 | _cLIB | ||
| 999 |
_c978 _d978 |
||